| Поле | Инд. | ПП | Название | Значение |
|---|---|---|---|---|
| Тип записи | a | |||
| Библиографический уровень | m | |||
| 001 | Контрольный номер | RU\SPSTU\books\257784 | ||
| 005 | Дата корректировки | 20150513113636.2 | ||
| 020 | a | ISBN | 978-5-8114-0756-9 | |
| 040 | c | Служба, преобразующая запись | 19013582 | |
| d | Организация, изменившая запись | НБ ТвГУ | ||
| 041 | a | Код языка текста | rus | |
| 080 | a | Индекс УДК | 531.19(075.8) | |
| 080 | a | Индекс УДК | 536.7(075.8) | |
| 084 | a | Индекс другой классификации/Индекс ББК | В317я73-1 | |
| 090 | a | Полочн. индекс | В317 | |
| x | Авторский знак | А 71 | ||
| 100 | 1_ | a | Автор | Ансельм Андрей Иванович |
| q | Полное имя | Ансельм А. И. | ||
| 245 | a | Заглавие | Основы статистической физики и термодинамики | |
| b | Продолж. заглавия | учебное пособие для студентов вузов по физическим и техническим направлениям и специальностям | ||
| o | The principles of statistical physics and thermodynamics | |||
| 250 | a | Основные сведения об издании | Изд. 2-е, стер. | |
| 260 | a | Место издания | Санкт-Петербург | |
| a | Место издания | Москва | ||
| a | Место издания | Краснодар | ||
| b | Издательство | Лань | ||
| c | Дата издания | 2007 | ||
| 300 | a | Объем | 426 с. | |
| b | Иллюстрации/ тип воспроизводства | ил. | ||
| 440 | a | Серия | Лучшие классические учебники | |
| 440 | a | Серия | Классическая учебная литература по физике | |
| 440 | _0 | a | Серия | Знание. Уверенность. Успех! |
| 440 | a | Серия | Учебники для вузов. Специальная литература | |
| 520 | a | Аннотация | В книге систематически излагаются основы классической и квантовой статистической физики и термодинамики. Особенность книги заключается в выводе положений термодинамики на основе статистического распределения, что позволяет не только лучше усвоить и понять термодинамику, но и установить границы ее применения.Общая статистическая теория применяется к широкому кругу физических явлений: идеальным и неидеальным газам, твердому телу, фазовым превращениям, черному излучению, фононам, электронам в металлах, флуктуациям, брауновскому движению и др. Последняя глава посвящена основам теории неравновесных процессов.Книга предназначена для студентов физических специальностей университетов и высших технических учебных заведений. | |
| 650 | a | Основная рубрика | Статистическая физика | |
| x | Основная подрубрика | Учебники для вузов | ||
| 650 | a | Основная рубрика | Термодинамика | |
| 653 | a | Ключевые слова | Статистическая физика | |
| a | Ключевые слова | Термодинамика | ||
| 910 | a | гриф есть** | ||
| 920 | a | Оператор | Стру | |
| 930 | a | Новая/Ретро | учебники | |
| 952 | c | Вид литературы | К ру | |
| 954 | a | Дата поступления на обработку | 20091126 |